| 000 | 00700nam a22002057a 4500 | ||
|---|---|---|---|
| 005 | 20141219121438.0 | ||
| 010 | _aBAC-CH25 | ||
| 020 |
_a9788184779981 _c200.00 |
||
| 035 | _aG-003095 | ||
| 037 | _bUBH/Ven | ||
| 082 | _aS | ||
| 100 | _aPilkey, D A V | ||
| 245 |
_aCaptain under pants and the terrifying return of tippy Tinkle Trousers/ _cby D A V Pilkey |
||
| 260 |
_aNewYork _bScholastic Inc. _c2014 |
||
| 270 |
_a557 Broadway _bNew York _eNY 10012 |
||
| 300 |
_a290p.: _c19cm(pbk) _bill. |
||
| 942 |
_cCH _2ddc _mPIL _hS |
||
| 999 |
_c85941 _d85941 |
||